Strategija predprijatija po pervičnom u razmeščeniju cennych bumag.

Postup pri tvorbe emisnej stratégie. Segmentácia trhu cenných papierov. Sociologický prieskum uskutočnený v súlade s predchádzajúcou segmentáciou. Typy investorov. Modelovanie emisie na osobnom počítači. Určenie minimálneho a maximálneho objemu investícií.

Enregistré dans:
Détails bibliographiques
Auteur principal: Ignatuščenko, V.I
Autres auteurs: Rives, N.Ja
Format: Chapitre de livre
Langue:russe
Sujets:
Tags: Ajouter un tag
Pas de tags, Soyez le premier à ajouter un tag!

MARC

LEADER 00000naa a2200000 4500
001 r010045
005 20221208122632.1
041 0 |a rus 
044 |a [SU] 
245 1 0 |a Strategija predprijatija po pervičnom u razmeščeniju cennych bumag.  |c V.I. Ignatuščenko, N.Ja. Rives 
520 |a Postup pri tvorbe emisnej stratégie. Segmentácia trhu cenných papierov. Sociologický prieskum uskutočnený v súlade s predchádzajúcou segmentáciou. Typy investorov. Modelovanie emisie na osobnom počítači. Určenie minimálneho a maximálneho objemu investícií. 
610 2 0 |a stratégia podniková 
610 2 0 |a papiere cenné 
610 2 0 |a prieskum sociologický 
610 2 0 |a investori 
610 2 0 |a investície 
610 2 0 |a modely ekonomické 
610 2 0 |a počítače osobné 
610 2 0 |a trh finančný 
610 2 0 |a spoločnosti akciové 
100 1 |a Ignatuščenko, V.I. 
700 1 |a Rives, N.Ja.